000 00626nam a2200205Ia 4500
003 OSt
005 20240701142133.0
008 210210b1998 xxu||||| |||| 00| 0 eng d
040 _cAL
041 _aTulu
082 _aT894.1 RAVB
100 _aRAV (P S).
_dರಾವ್ (ಪಿ ಎಸ್ )
_9172090
245 _aBangar parboda singara padokolu.
_bಬಂಗಾರ್ ಪರ್ಬೋದ ಸಿಂಗಾರ ಪದೊಕುಲು.
260 _aMangalore.
_bKarnataka Tulu Sahitya Academy.,
_c1998
300 _a74
650 _aTulu Paddya
_9172091
690 _aTulu Poetry
_9172092
906 _a056340
942 _2ddc
_cBK
999 _c103577
_d103577